Les plus gros transferts du football - Nés en 1996 - Statistiques

Statistiques générales
  • Ce quiz a été pris 74 fois
  • Le résultat moyen est 8 sur 10
Statistiques - réponses
Montant de transfert (M €) Saison Nationalité Venant de Allant à Joueur % Correct
80,00 2019-2020 France Atlético Madrid Bayern Munich Lucas Hernández
95%
58,00 2022-2023 Brésil Leeds United Barcelone Raphinha
91%
70,00 2019-2020 Espagne Atlético Madrid Manchester City Rodri
91%
50,20 2023-2024 Cameroun Inter Manchester United André Onana
88%
80,60 2020-2021 Brésil Barcelone Juventus Arthur Melo
88%
50,00 2023-2024 Corée du Sud Napoli Bayern Munich Min-jae Kim
88%
62,00 2019-2020 France Olympique Lyonnais Tottenham Tanguy Ndombélé
86%
53,00 2020-2021 Allemagne RB Leipzig Chelsea Timo Werner
85%
52,00 2016-2017 Allemagne FC Schalke 04 Manchester City Leroy Sané
68%
50,20 2020-2021 Angleterre Leicester City Chelsea Ben Chilwell
54%
Aucun quiz correspondant
Distribution des résultats
% des personnes avec chaque résultat
Percentile par nombre de réponses
Votre historique - résultats
Vous n’avez pas pris ce quiz